CRM: qué es, para qué sirve y cómo se implementa un proyecto de tecnología al servicio de la atención al cliente
Gorde:
| Egile nagusia: | |
|---|---|
| Formatua: | Liburua |
| Hizkuntza: | gaztelania |
| Argitaratua: |
Buenos Aires
Mp Ediciones
2002
|
| Edizioa: | 1a. ed |
| Saila: | Users Top
|
| Gaiak: | |
| Etiketak: |
Etiketa erantsi
Etiketarik gabe, Izan zaitez lehena erregistro honi etiketa jartzen!
|
MARC
| LEADER | 00000cam a2200000 a 4500 | ||
|---|---|---|---|
| 001 | UCD8949 | ||
| 003 | CL-VaPUC | ||
| 008 | 170527e20020000ag |||||||||||||||||spa|d | ||
| 020 | |a 9875261254 | ||
| 082 | 0 | 4 | |a 658.812 |b DUE |2 21 |
| 100 | 0 | |a Duer, Walter |e author |9 592570 | |
| 245 | 1 | 0 | |a CRM: qué es, para qué sirve y cómo se implementa un proyecto de tecnología al servicio de la atención al cliente |
| 250 | |a 1a. ed | ||
| 300 | |a 232 p | ||
| 942 | |c BK | ||
| 945 | |d 20170527 00:32:00 |a arojas | ||
| 260 | |a Buenos Aires |b Mp Ediciones |c 2002 | ||
| 650 | 0 | |a Atención al cliente |9 527293 | |
| 650 | 0 | |a Toma de decisiones |9 257530 | |
| 650 | 0 | |a Servicio al cliente |9 320800 | |
| 650 | 0 | |a Técnicas de venta |9 338625 | |
| 583 | |a last modification |c 20170527 00:32:00 |k Rodrigo Vera | ||
| 490 | 0 | |a Users Top | |
| 999 | |c 368255 |d 368253 | ||